| 000 | 00740nam a22002297a 4500 | ||
|---|---|---|---|
| 999 |
_c7626 _d7626 |
||
| 003 | AR-CdUCM | ||
| 008 | 190321b ||||| |||| 00| 0 spa d | ||
| 040 |
_aMUNICIPALIDAD PROVINCIAL DEL CUSCO _cBIBLIOTECA MUNICIPAL DEL CUSCO |
||
| 082 |
_22ed. _a747.75 / _bC97 |
||
| 100 |
_aDe Cusa Ramos, Juan _921529 |
||
| 245 | _aSalas de estar / | ||
| 260 |
_aBarcelona : _bCEAC, _c1962. |
||
| 300 |
_a228 paginas ; _bIlustraciones, graficos , dibujos _c21 cm. |
||
| 500 | _aDecoración | ||
| 505 | _aContenido: Mobiliario -- muebles auxiliares -- salud final | ||
| 650 |
_aSalas _921530 |
||
| 650 |
_aMobiliario _921531 |
||
| 650 |
_aMuebles Auxiliares _921532 |
||
| 650 |
_alibros de decoración _921533 |
||
| 942 |
_2ddc _cLIBROS |
||
| 945 | _apjha | ||